00847nam a2200169 i 450000100060000000300090000600500170001500700030003200800410003510000260007624500360010225000260013826000700016430000200023450503990025485200240065381659ES-MaACL20230906174501.0t|041105s1904 xxk ||||1| eng d1 aHuxley, Thomas Henry.10aEssays / cby Thomas H. Huxley. a[1st ed., 4th repr.]. aLondon : bMacmillan and CÂș, c1904 (eSuffolk : fRichard Clay) a9 v. ; c18 cm.8 aContiene: V. I: Method an results. -- V. II: Darwiniana. -- V. III: Science and Education. -- V. IV: Science and Hebrew. Tradition. -- V. V: Science and christian tradition. -- V. VI: Hume: with helps to the study of Berkeley. -- V. VII: Man's a place in nature and other anthropological essays. -- V. VIII: Discourses: Biological and Geological. -- V. IX: Evolution and Ethics and other essays aES-MaACLjG-9842-50